|
|
|
|
| LEADER |
00000nam0a2200000 4500 |
| 001 |
324507 |
| 005 |
20231102003656.0 |
| 010 |
|
|
|a 9785438706946
|
| 035 |
|
|
|a (RuTPU)RU\TPU\book\350105
|
| 035 |
|
|
|a RU\TPU\book\249440
|
| 090 |
|
|
|a 324507
|
| 100 |
|
|
|a 20161117d2016 m y0rusy50 ca
|
| 101 |
0 |
|
|a rus
|
| 102 |
|
|
|a RU
|
| 105 |
|
|
|a a j 001zy
|
| 200 |
1 |
|
|a Структурная геология
|e учебное пособие
|f С. К. Кныш
|g Национальный исследовательский Томский политехнический университет (ТПУ)
|
| 210 |
|
|
|a Томск
|c Изд-во ТПУ
|d 2016
|
| 215 |
|
|
|a 223 с.
|c ил.
|
| 320 |
|
|
|a Библиогр.: с. 199-201
|
| 330 |
|
|
|a В учебном пособии приводятся общие сведения о формах залегания осадочных, магматических, метаморфических горных пород, складчатых и разрывных нарушений и геологических картах. Кратко охарактеризованы строение земной коры и основные тектонические структуры континентов и океанов.Предназначено для слушателей магистерской программы «Геолого-геофизические проблемы освоения месторождений нефти и газа» направления 130500 «Нефтегазовое дело», а также для студентов, обучающихся по направлениям подготовки 130200 «Технология геологичекой разведки», 130300 «Прикладная геология».
|
| 452 |
|
1 |
|0 (RuTPU)RU\TPU\book\253674
|t Структурная геология
|o учебное пособие
|f С. К. Кныш
|g Национальный исследовательский Томский политехнический университет (ТПУ)
|c Томск
|n Изд-во ТПУ
|d 2012
|a Кныш, Сергей Карпович
|
| 606 |
1 |
|
|a Геология структурная
|2 stltpush
|3 (RuTPU)RU\TPU\subj\6122
|9 34080
|
| 610 |
1 |
|
|a геологическое картирование
|
| 610 |
1 |
|
|a геологические карты
|
| 610 |
1 |
|
|a структурные формы
|
| 610 |
1 |
|
|a слоистые структуры
|
| 610 |
1 |
|
|a горные породы
|
| 610 |
1 |
|
|a залегание
|
| 610 |
1 |
|
|a горизонтальное залегание
|
| 610 |
1 |
|
|a наклонное залегание
|
| 610 |
1 |
|
|a пликативные формы
|
| 610 |
1 |
|
|a структурные карты
|
| 610 |
1 |
|
|a разрывные дислокации
|
| 610 |
1 |
|
|a трещины
|
| 610 |
1 |
|
|a дизъюнктивы
|
| 610 |
1 |
|
|a магматические породы
|
| 610 |
1 |
|
|a эффузивные породы
|
| 610 |
1 |
|
|a метаморфические породы
|
| 610 |
1 |
|
|a земная кора
|
| 610 |
1 |
|
|a региональные структуры
|
| 610 |
1 |
|
|a учебные пособия
|
| 610 |
1 |
|
|a труды учёных ТПУ
|
| 610 |
1 |
|
|a прикладная геология
|
| 610 |
1 |
|
|a природопользование
|
| 610 |
1 |
|
|a формы
|
| 675 |
|
|
|a 551.243(075.8)
|v 3
|
| 700 |
|
1 |
|a Кныш
|b С. К.
|c геолог
|c доцент Томского политехнического университета, кандидат геолого-минералогических наук
|g Сергей Карпович
|2 stltpush
|3 (RuTPU)RU\TPU\pers\26835
|
| 712 |
0 |
2 |
|a Национальный исследовательский Томский политехнический университет (ТПУ)
|c (2009- )
|2 stltpush
|3 (RuTPU)RU\TPU\col\15902
|
| 801 |
|
1 |
|a RU
|b 63413507
|c 20100910
|
| 801 |
|
2 |
|a RU
|b 63413507
|c 20180821
|g RCR
|
| 900 |
|
|
|a Структурная геология
|
| 942 |
|
|
|c BK
|
| 951 |
|
|
|l 8
|